| 000 | 00988cam a2200301 a 4500 | ||
|---|---|---|---|
| 999 |
_c18320 _d18320 |
||
| 001 | 7083225 | ||
| 005 | 20161205114619.0 | ||
| 008 | 080611s2008 enka 001 0 eng | ||
| 015 |
_aGBA891765 _2bnb |
||
| 016 | 7 |
_a014675052 _2Uk |
|
| 020 | _a9781857094255 | ||
| 020 | _a1857094255 (pbk.) | ||
| 035 | _a(OCoLC)ocn223872605 | ||
| 035 | _a(OCoLC)223872605 | ||
| 035 | _a(NNC)7083225 | ||
| 040 |
_aUKM _cUKM _dBTCTA _dBAKER _dYDXCP _dBWKUK _dBWK _dCDX _dNNC |
||
| 050 | 4 |
_aN1070 _b.W48 2008 |
|
| 100 | 1 |
_aWilson, Michael, _d1951- |
|
| 245 | 1 | 0 |
_aIf the paintings could talk / _cMichael Wilson ; with a foreword by Andrew Marr. |
| 260 |
_aLondon : _bNational Gallery ; _a[New Haven, Conn.] : _bDistributed by Yale University Press, _c2008. |
||
| 300 |
_a176 p. : _bcol. ill. ; _c21 cm. |
||
| 500 | _aIncludes indexes. | ||
| 610 | 2 | 0 | _aNational Gallery (Great Britain) |
| 650 | 0 |
_aPainting _xHistory. |
|
| 942 |
_2lcc _cBOOKS _hN1070 .W48 2008 |
||